Meranie a zlepšovanie každodenných zručností v umelej inteligencii

Na minha lista:
Detalhes bibliográficos
Autor principal: Hiadlovská, Simona (Author)
Outros Autores: Tvarožek, Jozef (Thesis advisor)
Formato: Manuscrito Livro
Idioma:eslovaco
Publicado em: 2020
Assuntos:
Acesso em linha:http://is.stuba.sk/zp/portal_zp.pl?podrobnosti=134794
Tags: Adicionar Tag
Sem tags, seja o primeiro a adicionar uma tag!

MARC

LEADER 00000ntm a22000003a 4500
001 stuzp80531
003 SK-STU
005 20200620211704.9
007 ta
008 150427s2015----xo-----f-mn---000-0-slo-d
040 |a STU  |b slo 
041 0 |a slo 
100 1 |a Hiadlovská, Simona  |u 070200  |4 aut  |U FIIT Fakulta informatiky a informačných technológií  |T FIIT Ústav informatiky, informačných systémov a softvérového inžinierstva  |X 85848  |U I200  |Y 179  |7 85848 
242 0 1 |a Measurement and improvement of everyday skills in artificial inteligence  |y eng 
245 1 0 |a Meranie a zlepšovanie každodenných zručností v umelej inteligencii 
260 |c 2020 
650 4 |a umelá inteligencia  |2 slo 
650 4 |a vizualizácie  |2 slo 
650 4 |a vysvetlenia  |2 slo 
650 4 |a interaktívna aplikácia  |2 slo 
650 4 |a artificial intelligence  |2 eng 
650 4 |a visualizations  |2 eng 
650 4 |a explanations  |2 eng 
650 4 |a interactive application  |2 eng 
700 1 |a Tvarožek, Jozef  |u 070200  |k Z1  |4 ths  |U FIIT Fakulta informatiky a informačných technológií  |T FIIT Ústav informatiky, informačných systémov a softvérového inžinierstva  |X 52473  |U I200  |Y 179  |7 52473 
856 4 |u http://is.stuba.sk/zp/portal_zp.pl?podrobnosti=134794